000 00457nam a2200169Ia 4500
008 221030s9999 xx 000 0 und d
020 _a8122418112
041 _aEnglish
082 _a105.23
_bYad
100 _aD. S. Yadav
245 0 _aMicrocontrollers : Features & Applications
_cby D. S. Yadav, A. K. Singh
260 _bNew Age International Pub.
_aNew Delhi
_c2005
300 _a267
650 _aBE Computer
700 _aA. K. Singh
942 _cBK
999 _c3544
_d3544